000 00472nam a2200193Ia 4500
008 170705s9999 xx 000 0 und d
020 _a9780439659880
245 4 _aThe magic school bus :
245 _bthe wild leaf ride /
245 _cJudith Stamper.
260 _aNew York :
260 _bScholastic,
260 _c2003
300 _aunpaged :
300 _bcolor illustration ;
300 _c23cm.
440 _aScholastic reader level 2.
500 _a240
999 _c335485
_d335485